|
|
|
|
| LEADER |
01936nam a2200445 a 4500 |
| 001 |
EBC771955 |
| 003 |
MiAaPQ |
| 005 |
20200520144314.0 |
| 006 |
m o d | |
| 007 |
cr cn||||||||| |
| 008 |
110527s2011 ne sb 001 0 eng d |
| 010 |
|
|
|z 2011022566
|
| 020 |
|
|
|z 9789004201446 (hbk. : alk. paper)
|
| 020 |
|
|
|a 9789004207134 (electronic bk.)
|
| 035 |
|
|
|a (MiAaPQ)EBC771955
|
| 035 |
|
|
|a (Au-PeEL)EBL771955
|
| 035 |
|
|
|a (CaPaEBR)ebr10497355
|
| 035 |
|
|
|a (CaONFJC)MIL327056
|
| 035 |
|
|
|a (OCoLC)753480417
|
| 040 |
|
|
|a MiAaPQ
|c MiAaPQ
|d MiAaPQ
|
| 043 |
|
|
|a n-us---
|
| 050 |
|
4 |
|a HD7293
|b .F34 2011
|
| 082 |
0 |
4 |
|a 363.5/5610973
|2 23
|
| 245 |
0 |
0 |
|a Fair and affordable housing in the U.S
|h [electronic resource] :
|b trends, outcomes, future directions /
|c edited by Robert Mark Silverman, Kelly L. Patterson.
|
| 246 |
3 |
|
|a Fair and affordable housing in the United States
|
| 260 |
|
|
|a Leiden ;
|a Boston :
|b Brill,
|c 2011.
|
| 300 |
|
|
|a xvii, 346 p.
|
| 490 |
1 |
|
|a Studies in critical social sciences,
|x 1573-4234 ;
|v v. 33
|
| 504 |
|
|
|a Includes bibliographical references and index.
|
| 505 |
0 |
|
|a pt. 1. Fair housing, policy, and perceptions -- pt. 2. Affordable housing, finance, and land use issues -- pt. 3. Rent vouchers, a tool to deconcentrate poverty -- pt. 4. The rise and stall of homeownership.
|
| 533 |
|
|
|a Electronic reproduction. Ann Arbor, MI : ProQuest, 2015. Available via World Wide Web. Access may be limited to ProQuest affiliated libraries.
|
| 650 |
|
0 |
|a Housing policy
|z United States.
|
| 650 |
|
0 |
|a Discrimination in housing
|z United States.
|
| 650 |
|
0 |
|a Housing
|z United States.
|
| 655 |
|
4 |
|a Electronic books.
|
| 700 |
1 |
|
|a Silverman, Robert Mark,
|d 1967-
|
| 700 |
1 |
|
|a Patterson, Kelly L.
|
| 710 |
2 |
|
|a ProQuest (Firm)
|
| 830 |
|
0 |
|a Studies in critical social sciences ;
|v v. 33.
|
| 856 |
4 |
0 |
|u https://ebookcentral.proquest.com/lib/matrademy/detail.action?docID=771955
|z Click to View
|